| 000 | 00702nam a22002177a 4500 | ||
|---|---|---|---|
| 003 | OSt | ||
| 005 | 20140310182819.0 | ||
| 008 | 130304t xxu||||| |||| 00| 0 eng d | ||
| 020 | _a 9780807748237 | ||
| 050 |
_aLB 1575 _b.L36 2007 |
||
| 100 | _aLehman, Barbara A. | ||
| 245 |
_aChildren's literature and learning : _b literary study across the curriculum / _cBarbara A. Lehman ; foreword by Janet Hickman |
||
| 260 |
_a New York, NY _bTeachers College Press _c2007. |
||
| 300 |
_a148 p. : _c23 cm. |
||
| 521 | _aEDU | ||
| 650 |
_aLiterature _xStudy and teaching (Elementary) |
||
| 650 | _aReading (Elementary) | ||
| 650 |
_aChildren _xBooks and reading |
||
| 942 |
_2lcc _cBK _kFOR |
||
| 999 |
_c16346 _d16346 |
||